Die Torhüter der Champions League Vereine 2024/25 - Statistiken

Allgemein
  • Dieses Quiz wurde 74 mal gespielt
  • Das Durchschnittsergebnis liegt bei 15 aus 36
Antwortstatistiken
Verein Einsätze Torhüter % Korrekt
FC Bayern München 5 Manuel Neuer
98%
Borussia Dortmund 5 Gregor Kobel
92%
Bayer 04 Leverkusen je 3 Lukas Hradecky / Matej Kovar
92%
VfB Stuttgart 6 Alexander Nübel
89%
Manchester City 4 Ederson
89%
Paris Saint-Germain 4 Gianluigi Donnarumma
89%
Atletico Madrid 6 Jan Oblak
89%
FC Liverpool je 3 Alisson / Caoimhin Kelleher
88%
RB Leipzig 6 Peter Gulacsi
86%
Aston Villa 6 Emiliano Martinez
82%
Real Madrid 4 Thibaut Courtois
80%
Inter Mailand 6 Yann Sommer
80%
FC Arsenal 6 David Raya
74%
AC Mailand 6 Mike Maignan
65%
FC Barcelona 5 Inaki Pena
48%
Celtic Glasgow 6 Kasper Schmeichel
35%
RB Salzburg 4 Janis Blaswich
32%
Benfica Lissabon 6 Anatoliy Trubin
26%
Club Brügge 6 Simon Mignolet
26%
Juventus Turin 5 Michele Di Gregorio
23%
Feyenoord Rotterdam 6 Timon Wellenreuther
18%
FC Bologna 6 Lukasz Skorupski
11%
FC Girona 6 Paulo Gazzaniga
11%
PSV Eindhoven 5 Walter Benitez
11%
OSC Lille 6 Lucas Chevalier
9%
BSC Young Boys Bern 4 David von Ballmoos
8%
Atalanta Bergamo 6 Marco Carnesecchi
8%
Sporting Lissabon 6 Franco Israel
6%
Stade Brest 6 Marco Bizot
5%
AS Monaco 4 Radoslaw Majecki
5%
Sturm Graz 4 Kjell Scherpen
3%
Roter Stern Belgrad je 2 Omri Glazer / Ivan Gutesa / Marko Ilic
2%
Sparta Prag 6 Peter Vindahl
2%
Schachtar Donezk 6 Dmytro Riznyk
0%
Slovan Bratislava 6 Dominik Takac
0%
Dinamo Zagreb je 3 Ivan Nevistic / Danijel Zagorac
0%
Keine übereinstimmenden Quizze gefunden
Verteilung der Resultate
Anzahl Personen mit jedem Resultat
Perzentil nach korrekt beantworteten Fragen
Ihre Resultats-Entwicklung
Sie haben dieses Quiz noch nicht gespielt